| 000 | 01617cam a22003734a 4500 | ||
|---|---|---|---|
| 999 |
_c28923 _d28894 |
||
| 001 | 13397734 | ||
| 003 | EG-ScBUE | ||
| 005 | 20201014132329.0 | ||
| 008 | 031107t2004 njua f b 001 0 eng d | ||
| 020 | _a0471467375 | ||
| 020 | _a9780471467373 | ||
| 040 |
_aDLC _beng _erda _cDLC _dDLC _dEG-ScBUE |
||
| 082 | 0 | 4 |
_a621.301518 _bZAR _222 |
| 100 | 1 |
_aZarowski, Christopher J., _eauthor. |
|
| 245 | 1 | 3 |
_aAn introduction to numerical analysis for electrical and computer engineers / _cChristopher J. Zarowski, University of Alberta, Canada. |
| 264 | 1 |
_aNew Jersey : _bJohn Wiley & Sons, Inc., _c[2004] |
|
| 264 | 4 | _cc2004 | |
| 300 |
_axvi, 586 pages : _billustrations ; _c24 cm |
||
| 336 |
_2rdacontent _atext _btxt |
||
| 337 |
_2rdamedia _aunmediated _bn |
||
| 338 |
_2rdacarrier _avolume _bnc |
||
| 504 | _aIncludes bibliographical references and index. | ||
| 650 | 7 |
_aElectrical engineering _xMathematics. _2BUEsh |
|
| 650 | 7 |
_aComputer science _xMathematics. _2BUEsh |
|
| 650 | 7 |
_aNumerical analysis. _2BUEsh |
|
| 653 |
_bENGGEN _cOctober2020 |
||
| 655 |
_vReading book _934232 |
||
| 856 | 4 | 2 |
_3Contributor biographical information _uhttp://www.loc.gov/catdir/bios/wiley046/2003063761.html |
| 856 | 4 | 2 |
_3Publisher description _uhttp://www.loc.gov/catdir/description/wiley041/2003063761.html |
| 856 | 4 | 1 |
_3Table of contents _uhttp://www.loc.gov/catdir/toc/wiley041/2003063761.html |
| 906 |
_a7 _bcbc _corignew _d1 _eocip _f20 _gy-gencatlg |
||
| 942 |
_2ddc _cBB |
||